<?xml version="1.0" encoding="UTF-8"?><?xml-stylesheet type="text/xsl" href="static/style.xsl"?><OAI-PMH xmlns="http://www.openarchives.org/OAI/2.0/" xmlns:xsi="http://www.w3.org/2001/XMLSchema-instance" xsi:schemaLocation="http://www.openarchives.org/OAI/2.0/ http://www.openarchives.org/OAI/2.0/OAI-PMH.xsd"><responseDate>2026-04-17T11:29:27Z</responseDate><request verb="GetRecord" identifier="oai:www.recercat.cat:10459.1/30314" metadataPrefix="marc">https://recercat.cat/oai/request</request><GetRecord><record><header><identifier>oai:recercat.cat:10459.1/30314</identifier><datestamp>2024-12-05T21:59:51Z</datestamp><setSpec>com_2072_3622</setSpec><setSpec>col_2072_479130</setSpec></header><metadata><record xmlns="http://www.loc.gov/MARC21/slim" xmlns:dcterms="http://purl.org/dc/terms/" xmlns:xsi="http://www.w3.org/2001/XMLSchema-instance" xmlns:doc="http://www.lyncode.com/xoai" xsi:schemaLocation="http://www.loc.gov/MARC21/slim http://www.loc.gov/standards/marcxml/schema/MARC21slim.xsd">
   <leader>00925njm 22002777a 4500</leader>
   <datafield ind2=" " ind1=" " tag="042">
      <subfield code="a">dc</subfield>
   </datafield>
   <datafield ind2=" " ind1=" " tag="720">
      <subfield code="a">Aluja Fabregat, Antón</subfield>
      <subfield code="e">author</subfield>
   </datafield>
   <datafield ind2=" " ind1=" " tag="260">
      <subfield code="c">2011-01-27T11:05:04Z</subfield>
   </datafield>
   <datafield ind2=" " ind1=" " tag="260">
      <subfield code="c">2011-01-27T11:05:04Z</subfield>
   </datafield>
   <datafield ind2=" " ind1=" " tag="260">
      <subfield code="c">1995</subfield>
   </datafield>
   <datafield ind2=" " ind1=" " tag="520">
      <subfield code="a">Este trabajo se plantea dos objetivos referentes a aspectos prácticos de la utilizacion del 16FP para el estudio de la personalidad. El primero es el grado de predicción que una persona (individuo), informada previamente, puede hacer sobre los resultados finales del test normalizados mediante una población de referencia (grupo); y el segundo la relación entre las actitudes sociales (liberalismo-conservadurismo), y la personalidad. Los resultados informan que tanto los hombres como las mujeres creen ser más perseverantes y con sentido del deber (G+), sensibles y bondadosos (I+), confiados y tolerantes (L-), francos y naturales (N-), serenos y flexibles (O-), controlados y con buena imagen (Q3+), de lo que en realidad aparecen en el perfil final. Pero las mujeres, además, creen ser más afectuosas y amistosas (A+), entusiastas y optimistas (F+), y imaginativas (M+). Los hombres conservadores están más socializados (G+), los liberales son más imaginativos (M+), mucho más críticos y analíticos (Q1+). Las mujeres obtienen resultados parecidos en G y Q1. Además las mujeres liberales son más impulsivas y alegres (F+) y emprendedoras (H+). Se concluye que, efectivamente, nuestros resultados apoyarían la hipótesis de Eysenck, que las actitudes sociales están enraizadas en la personalidad, en este caso medida mediante el 16FP.</subfield>
   </datafield>
   <datafield ind1="8" ind2=" " tag="024">
      <subfield code="a">http://hdl.handle.net/10459.1/30314</subfield>
   </datafield>
   <datafield tag="653" ind2=" " ind1=" ">
      <subfield code="a">Actitudes sociales</subfield>
   </datafield>
   <datafield tag="653" ind2=" " ind1=" ">
      <subfield code="a">Personalidad</subfield>
   </datafield>
   <datafield tag="653" ind2=" " ind1=" ">
      <subfield code="a">Cattell</subfield>
   </datafield>
   <datafield tag="653" ind2=" " ind1=" ">
      <subfield code="a">Predicción</subfield>
   </datafield>
   <datafield tag="653" ind2=" " ind1=" ">
      <subfield code="a">Actitud (Psicologia)</subfield>
   </datafield>
   <datafield tag="653" ind2=" " ind1=" ">
      <subfield code="a">Personalitat</subfield>
   </datafield>
   <datafield ind2="0" ind1="0" tag="245">
      <subfield code="a">Autopredicción de los rasgos de personalidad mediante al 16PF y su relación con el liberalismo y el conservadurismo social</subfield>
   </datafield>
</record></metadata></record></GetRecord></OAI-PMH>